Κατάλογος Βιβλιοθηκών Mediterranean College

Η Συναισθηματική Νοημοσύνη των Παιδιών / Πώς να μεγαλώσουμε Παιδιά με Συναισθηματική Νοημοσύνη: Ένας Πρακτικός Οδηγός για Γονείς (Record no. 3246)

MARC details
000 -LEADER
fixed length control field 02567cam a22001934a 4500
005 - ΗΜΕΡΟΜΗΝΙΑ ΚΑΙ ΩΡΑ ΤΕΛΕΥΤΑΙΑΣ ΕΝΗΜΕΡΩΣΗΣ
Πεδίο ελέγχου 20250605164109.0
008 - FIXED-LENGTH DATA ELEMENTS--GENERAL INFORMATION
Πεδίο ελέγχου σταθερού μήκους 250528s ||||||||||||||||||||||||d
035 ## - SYSTEM CONTROL NUMBER
System control number 17846
020 ## - ISBN
ISBN 9789605850227
040 ## - ΠΗΓΗ ΚΑΤΑΛΟΓΟΓΡΑΦΗΣΗΣ
Φορέας πρωτότυπης καταλογογράφησης MC Athens Campus Library
Γλώσσα καταλογογράφησης Ελληνικά, Μοντέρνα (1453-)
Modifying agency MC Athens Campus Library
Κανόνες περιγραφικής καταλογογράφησης AACR2
245 1# - ΤΙΤΛΟΣ ΚΑΙ ΔΗΛΩΣΗ ΥΠΕΥΘΥΝΟΤΗΤΑΣ
Τίτλος Η Συναισθηματική Νοημοσύνη των Παιδιών / Πώς να μεγαλώσουμε Παιδιά με Συναισθηματική Νοημοσύνη: Ένας Πρακτικός Οδηγός για Γονείς
260 ## - PUBLICATION, DISTRIBUTION, ETC.
Name of publisher, distributor, etc. Πεδίο,
Date of publication, distribution, etc. 2015
300 ## - PHYSICAL DESCRIPTION
Extent 272
520 ## - SUMMARY, ETC.
Summary, etc. Στο παρόν βιβλίο ο συγγραφέας μιλά στους γονείς για τη συναισθηματική νοημοσύνη των παιδιών και την ανάπτυξη τους. Πρόλογος, Εισαγωγή, Συναισθηματική Αγωγή: Το Μυστικό της Ανατροφής Συναισθηματικά Ευφυών Παιδιών, Τα Αποτελέσματα της Συναισθηματικής Αγωγής, Η Συναισθηματική Αγωγή ως Εξελικτικό Στάδιο, Πώς Ανακαλύψαμε τη Συναισθηματική Αγωγή, Συναισθηματική Αγωγή και Αυτοέλεγχος, Τα Είδη της Διαπαιδαγώγησης: Μια Πρώτη Αξιολόγηση, Οι Αποστασιοποιημένοι Γονείς, Οι Επικριτικοί - Αποδοκιμαστικοί Γονείς, Οι Επιτρεπτικοί - Παραχωρητικοί Γονείς, Οι Συναισθηματικοί Μέντορες, Τα Πέντε Βασικά Στάδια της Συναισθηματικής Αγωγής, Ενσυναίσθηση: Το Θεμέλιο της Συναισθηματικής Αγωγής, Η Επίγνωση των Συναισθηματων του Παιδιού, Βοήθεια στο Παιδί Προκειμένου να Εκφράσει Λεκτικά τα Συναισθήματα του, Στρατηγική Συναισθηματικής Αγωγής, Ελέγξτε τις Δεξιότητες σας στη Συναισθηματική Αγωγή, Ο Γάμος και το Διαζύγιο και η Συναισθηματική Υγεία του Παιδιού σας, Ο Κρίσιμος Ρόλος του Πατέρα, Η Συναισθηματική Αγωγή καθώς το Παιδί Μεγαλώνει, Σημειώσεις.
700 1# - ΠΡΟΣΘΕΤΗ ΑΝΑΓΡΑΦΗ--ΦΥΣΙΚΟ ΠΡΟΣΩΠΟ
Personal name Gottman John
9 (RLIN) 4127
942 ## - ADDED ENTRY ELEMENTS (KOHA)
Koha item type Books
Holdings
Τύπος τεκμηρίου Βιβλιοθήκη Τρέχουσα τοποθεσία Barcode Αριθμός εισαγωγής Ημερομηνία απόκτησης Ταξιθετικό σύμβολο Αριθμός αντιτύπου Κατάσταση απόσυρσης Κατάσταση χαμένου Κατάσταση κατεστραμμένου Μη δανεισμός Σύνολο δανεισμών Ημερομηνία τελευταίας εμφάνισης Η τιμή ισχύει από
Books MC Athens Campus Library MC Athens Campus Library 9780000032454 7311 05/06/2025 155.412 GOT 1           05/06/2025 05/06/2025

MC Athens Campus Library
Πατησίων 94 & Κοδριγκτώνος 13, 104 34
Πελλήνης 8 & Πατησίων 107, 112 51
Τ: +30 210 8899600

MC Thessaloniki Campus Library
Ίωνος Δραγούμη 21, 54625 | Ίωνος Δραγούμη 15, 54625
Τ: +30 2310 287779 – Τ: +30 2314 440300